000
00306nam a2200121Ia 4500
008
190216s9999||||xx |||||||||||||| ||und||
100
_a
Srivastava O S
245
0
_a
Economic Development And Planning In India
260
_b
Allied Publications
_c
1998
300
_a
590p
650
_a
Economics
942
_c
BK
999
_c
10123
_d
10123